000 00791nam a2200241 a 4500
001 BRL_1559
005 20190320211249.0
008 060314s1978----u--a######---#000-0#eng-#
020 _a0960049614
041 _aeng
044 _au
050 4 _aTS1525
_b.C43 1978
100 1 _aChanning, Marion L.
_927278
245 1 0 _aThe textile tools of colonial homes
_bfrom raw materials to finished garments, before mass production in the factories
_cby Marion L. Channing ; illustrated by Walter E. Channing
260 _aMssachussetts
_bReynolds-DeWalt
_c1978
300 _aviii, 64 p.
_bil.
_c22 cm.
500 _aAu1588
504 _aBibliografía: p. viii
650 1 4 _aMaquinaria textil
_xHistoria
_927279
700 1 _aChanning, Walter E.
_eil.
_927280
902 _aGRL
942 _2lcc
_cB
999 _c10368
_d10368